书目信息 |
| 题名: |
尼克松回忆录
|
|
| 作者: | 尼克松 著 ;裘克安 译 | |
| 分册: | 中册 | |
| 出版信息: | 北京 商务印书馆 1979 |
|
| 页数: | 497页 | |
| 开本: | 20cm | |
| 丛书名: | ||
| 单 册: | ||
| 中图分类: | K817.121 | |
| 科图分类: | ||
| 主题词: | 传记 | |
| 电子资源: | ||
| ISBN: | ||
| 000 | 00658nam0 2200241 45 | |
| 001 | 0179007212 | |
| 005 | 20040511090537.6 | |
| 010 | @dCNY1.45 | |
| 091 | @a3017.239 | |
| 100 | @a19950725d1979 em y0chiy0121 ea | |
| 101 | 1 | @achi@ceng |
| 102 | @aCN@b110000 | |
| 105 | @ay z 000ya | |
| 106 | @ar | |
| 200 | 10 | @a尼克松回忆录@Ani ke song hui yi lu@h中册@f(美)理查德·尼克松著@F(Mei)Li Cha De·Ni Ke Song Zhu@g裘克安等译 |
| 210 | @a北京@c商务印书馆@d1979 | |
| 215 | @a497页@d20cm | |
| 606 | 0 | @a传记 |
| 690 | @aK817.121@v3 | |
| 701 | 0 | @a尼克松@4著 |
| 702 | 0 | @a裘克安@Aqiu ke an@4译 |
| 801 | 0 | @aCN@bNLC@c20040228 |
| 905 | @dK817.121@e15:2@f1@b5093 | |
| 尼克松回忆录.中册/(美)理查德·尼克松著/裘克安等译.-北京:商务印书馆,1979 |
| 497页;20cm |
| ISBN :CNY1.45 |
| ● |
| 相关链接 |
|
|
|
|
正题名:尼克松回忆录
索取号:K817.121/15:2
 
预约/预借
| 序号 | 登录号 | 条形码 | 馆藏地/架位号 | 状态 | 备注 |
| 1 | 0005093 | 001694161 | 第二样本阅览室/ [索取号:K817.121/15:2] | 在馆 | |
| 2 | 0005094 | 001898290 | 密集书库/ [索取号:K817.121/15:2] | 在馆 |